| 000 | 01092nac a22002651u 4500 | ||
|---|---|---|---|
| 010 | _a 2007273290 | ||
| 020 | _a9780071482448 | ||
| 020 | _a007148244X | ||
| 035 | _a(OCoLC)ocm80816273 | ||
| 082 | 0 | 0 |
_a690.22 _bMAC |
| 090 |
_c8339 _d8339 |
||
| 100 | _aMacCollum, David V., | ||
| 245 | 1 | 0 |
_aConstruction safety engineering principles : _bdesigning and managing safer job sites / _cDavid V. MacCollum. |
| 260 |
_aNew York : _bMcgraw-Hill,2007 _c2007. |
||
| 300 |
_axvi, 394 p. : _bill. ; _c25 cm. |
||
| 500 | _aIncludes index. | ||
| 500 | _adistributer: Al-Ahram | ||
| 511 | _acatalogued by: wessam | ||
| 650 | 0 |
_aConstruction industry _xSafety measures. |
|
| 650 | 0 |
_aBuilding _xSafety measures. |
|
| 856 | 4 | 1 |
_3Table of contents only _uhttp://www.loc.gov/catdir/enhancements/fy0713/2007273290-t.html |
| 856 | 4 | 1 |
_3Publisher description _uhttp://www.loc.gov/catdir/enhancements/fy0713/2007273290-d.html |
| 856 | 4 | 1 |
_3Contributor biographical information _uhttp://www.loc.gov/catdir/enhancements/fy0713/2007273290-b.html |
| 942 |
_cBB _k690.22MAC |
||
| 999 |
_c8339 _d8339 |
||